[Event "ACP-Knockout-2020-Open R2"]
[Site "Emanuel Lasker Arena"]
[Date "2020.07.25"]
[Round "1.2"]
[White "Murzin"]
[Black "KovalenkoIgorGM"]
[Result "0-1"]
[WhiteElo "2187"]
[BlackElo "1620"]
[Annotator "TA"]
[PlyCount "126"]
[EventDate "2020.07.25"]
[EventType "match (blitz)"]

{[%evp 9,126,9,19,43,30,18,24,20,32,6,3,4,20,7,15,10,8,6,57,6,16,3,11,20,20,11,23,22,122,78,177,158,189,195,160,149,242,-141,-129,-150,-168,-143,0,0,69,0,0,-135,-134,-160,-20,-22,153,171,163,147,141,65,47,0,360,-2402,-2185,-2070,-1706,-2132,-2874,-29957,0,0,0,0,0,0,0,0,0,-29988,-29989,-29989,-29990,-29990,-29991,-29991,-29981,-29981,-29982,-29982,-29983,-29983,-29984,-29983,-29986,-29987,-29988,-29988,-29989,-29989,-29990,-29990,-29991,-29991,-29992,-29992,-29993,-29993,-29994,-29994,-29993,-29993,-29994,-29994,-29995,-29995,-29996,-29996,-29997,-29997,-29998]} 1. e4 c5 2. Nf3 e6 3. g3 Nc6 4. Bg2 Nf6 5. Qe2 Qc7 6. O-O {B40: Sicilian: 2...e6, Unusual lines.} Be7 7. c3 (7. e5 $5 {[%cal Re5f6]} Ng4 8. Re1 $11) 7... O-O 8. d4 {White has an edge.} d5 9. e5 {[#]} Ne4 $146 ({Predecessor:} 9... Nd7 10. h4 b6 11. Bf4 a5 12. Rd1 Ba6 13. Qe3 Rfc8 14. a3 b5 {1-0 (32) Bulmaga,I (2287)-Rojas Solano,J (1959) Dresden 2008}) 10. Be3 b6 11. Ne1 {White wants to play f3.} cxd4 12. cxd4 {Black should prevent f3.} Nb4 13. Na3 Qd7 (13... f5 $11) 14. Nb5 (14. f3 $14 Ba6 15. Qd1) 14... a6 15. Na3 {Strongly threatening f3.} a5 16. f3 Ba6 17. Qd1 Bxf1 18. Bxf1 {[#]} f5 (18... Nc5 $1 $11 {[%mdl 512]}) 19. fxe4 fxe4 (19... dxe4 $16 20. Ng2 Nd5) 20. Bb5 Qd8 21. Qg4 Rf5 22. Nb1 h5 (22... Na6 $16 23. Nc3 Nc7) 23. Qh3 $2 (23. Qg6 $18 Bg5 24. Qxe6+ Rf7 25. Bd2) 23... Bg5 $17 24. Bf4 Bxf4 25. gxf4 g5 (25... Rxf4 $17 26. Nc3 (26. Qxe6+ $2 Kh7 $19) 26... Qg5+ 27. Ng2 Nc2) 26. a3 Na6 (26... Nc6 $11 27. Bxc6 Rc8) 27. Bxa6 ({Better is} 27. Kh1 $14) 27... Rxa6 $11 28. Nc3 (28. Qxh5 $11 {keeps the balance.} Kg7 29. Qg4) 28... gxf4 $17 29. Ng2 Qg5 ({Black should try} 29... Ra7 $1 $17 {And now ...Rg7 would win.} 30. Kh1 Re7) 30. Kh1 Ra7 $2 (30... Qg4 $11 31. Qxg4+ hxg4) 31. Nh4 Rg7 32. Nxf5 exf5 33. Nxd5 (33. Qf1 $16) 33... f3 $14 34. e6 {Hoping for Qg3.} h4 $2 {[%mdl 8192]} (34... f2 $1 $11 {and Black has nothing to worry.} 35. Qg3 Qxg3 36. hxg3 Rxg3) 35. b4 $4 {[%mdl 8192]} (35. Nxb6 f2 36. Qf1 Qe3 $1 {[%mdl 512]} 37. h3 Kh7 38. Kh2 Qg3+ 39. Kh1 e3 40. Nd5 e2 $1 {[%mdl 512]} 41. Nf6+ Kh8 42. Ng4 exf1=Q+ 43. Rxf1 Qxh3+ 44. Nh2 Qg2#) (35. Qf1 $18) 35... f2 $1 $19 {( -> ...Qg1+)} 36. Qf1 e3 $1 37. e7 Kf7 $1 38. Rc1 {[#]} h3 $2 (38... e2 $1 {[%mdl 512] mates} 39. e8=Q+ {[%mdl 64] Decoy} (39. Qxe2 Qg2#) 39... Kxe8 40. Rc8+ Kf7 41. Rc7+ Kg6 42. Rxg7+ Kxg7 43. Qxf2 Qc1+ {[%mdl 64] Double Attack} 44. Kg2 e1=Q 45. Qxe1 Qxe1 46. Kf3 Qe4+ 47. Kf2 Qxd5 48. Ke3 axb4 49. axb4 Qe4+ 50. Kd2 f4 51. Kc3 f3 52. Kc4 f2 53. Kb5 f1=Q+ 54. Kxb6 Qxd4+ 55. Kb7 Qd7+ 56. Kb8 Qf8#) 39. e8=Q+ $1 $11 {[%mdl 64] Decoy} Kxe8 40. Qb5+ {[%mdl 64] Double Attack} Kf7 {[%csl Gg7,Gh3][%cal Rg5g2]} 41. Rc7+ Kg6 {[%csl Gh3][%cal Rg5g2]} (41... Kg8 $5 42. Qe8+ $8 Kh7 43. Nf6+ Qxf6 44. Qh5+ {[%mdl 64] Double Attack} Qh6 45. Qxf5+ {[%mdl 64] Double Attack} Kh8 46. Qf8+ Kh7 47. Qf5+ {[%mdl 64] Double Attack} Qg6 48. Qxh3+ {[%mdl 64] Double Attack} Qh6 49. Qf5+ Kh8 50. Qf8+ Kh7 51. Qf5+ Qg6 52. Qh3+ Qh6 53. Qf5+ $11) 42. Qe8+ Kh7 $1 {[%cal Rf2f1] [#]} 43. Rxg7+ $4 {[%mdl 8192] Black continues to play with concentration.} (43. Nf6+ $1 $11 {[%mdl 512]} Qxf6 44. Qh5+ Kg8 45. Rc8+ Qf8 46. Rxf8+ Kxf8 47. Qxf5+ {[%mdl 64] Double Attack} Rf7 48. Qc8+ Kg7 49. Qg4+ Kf8 50. Qc8+ Ke7 51. Qc7+ Kf8 52. Qc8+) 43... Kxg7 {[%cal Rf2f1] Black mates.} 44. Qe5+ Kh7 {[%cal Rf2f1]} 45. Qc7+ Kh6 {[%cal Rf2f1]} 46. Qc6+ Qg6 47. Qxg6+ Kxg6 {[%cal Rf2f1]} 48. Nxe3 {[%mdl 4096] Endgame KN-KP} f4 49. Nf1 Kf5 50. bxa5 bxa5 51. Nd2 Ke6 52. Nf1 Kd5 53. Nd2 Kxd4 54. a4 Kd3 55. Nf1 Kc3 56. Ne3 Kb3 57. Nf1 Kxa4 58. Nd2 Kb4 59. Nf1 a4 {[%cal Ba5a4,Ba4a3,Ba3a2][%mdl 32]} 60. Ne3 Kb5 61. Nf1 a3 62. Nd2 a2 63. Nf1 Kb6 {Accuracy: White = 70%, Black = 71%.} 0-1

[Event "ACP-Knockout-2020-Open R2"]
[Site "Emanuel Lasker Arena"]
[Date "2020.07.25"]
[Round "1.2"]
[White "Evgeny_Romanov"]
[Black "Ivan saric"]
[Result "1/2-1/2"]
[WhiteElo "2118"]
[BlackElo "2719"]
[Annotator "TA"]
[PlyCount "85"]
[EventDate "2020.07.25"]
[EventType "match (blitz)"]

{[%evp 17,85,36,41,37,38,28,33,13,26,20,34,2,69,0,42,40,52,39,50,18,13,12,34,31,36,6,6,10,6,10,13,7,6,0,0,0,0,-6,-6,-5,0,-7,31,25,25,17,20,16,16,12,22,0,0,0,0,0,0,0,0,0,0,0,0,0,0,0,0,0,0,0]} 1. e4 c6 2. d4 d5 3. exd5 cxd5 4. Bd3 Nc6 5. c3 Qc7 6. h3 Nf6 7. Nf3 g6 8. O-O Bg7 9. Re1 O-O 10. Na3 {[%cal Bb1a3,Ba3c2,Bc2e3][%mdl 32] B13: Caro-Kann: Exchange Variation and Panov-Botvinnik Attack.} a6 11. Nc2 Re8 {[#]} 12. Ne5 $146 {White is slightly better.} ({Predecessor:} 12. Bg5 b5 13. a4 bxa4 14. Rxa4 a5 15. Ne3 Be6 16. Bh4 Qb7 17. Qe2 Nh5 18. Qd2 {1-0 (71) Efimenko,Z (2640)-Landa,K (2635) Dagomys 2010}) 12... Nxe5 13. dxe5 Ne4 14. Ne3 Rd8 ({Black should try} 14... Be6 $11) 15. f4 ({Better is} 15. Bxe4 $1 $14 dxe4 16. Nd5) 15... Be6 16. Qf3 Nc5 17. Bc2 Qb6 18. f5 gxf5 19. Nxf5 Bxf5 (19... Ne4+ $5 20. Nd4 Bxe5 $11) 20. Qxf5 Ne4+ 21. Be3 (21. Kh2 {with more complications.} Qg6 22. Qf4 Rac8 23. Be3 Qh5 24. Bd4) 21... Qxb2 22. Bxe4 dxe4 23. Bd4 Rxd4 24. cxd4 Qxd4+ {[%mdl 64] [#] Double Attack} 25. Kh1 Qxe5 26. Qxe5 Bxe5 $11 {[%mdl 4096] Endgame KRR-KRB} 27. Rab1 b5 28. Rxe4 f6 29. a4 Rc8 30. axb5 axb5 31. Reb4 Kf7 {The position is equal.} 32. Rxb5 h5 33. R5b4 Kg6 34. h4 Bd6 35. Ra4 Rc3 36. Kg1 Bg3 37. Rf1 Re3 38. Rf3 Re1+ 39. Rf1 Re3 40. Rf3 Re1+ 41. Rf1 {Black should prevent Rxe1.} Bh2+ 42. Kf2 Bg3+ 43. Kg1 $1 {Accuracy: White = 85%, Black = 86%.} 1/2-1/2

[Event "ACP-Knockout-2020-Open R2"]
[Site "Emanuel Lasker Arena"]
[Date "2020.07.25"]
[Round "1.2"]
[White "Alex Donchenko"]
[Black "Rakhmanator"]
[Result "1/2-1/2"]
[WhiteElo "2106"]
[BlackElo "2741"]
[Annotator "TA"]
[PlyCount "59"]
[EventDate "2020.07.25"]
[EventType "match (blitz)"]

{[%evp 9,59,47,57,7,40,38,42,0,0,4,16,-31,-25,-41,-16,-7,10,0,-4,-22,-37,-3,38,25,21,0,12,0,64,60,58,40,41,0,45,33,35,41,24,0,0,0,0,0,0,0,0,0,0,0,0,0]} 1. c4 e5 2. g3 h5 3. Nf3 d6 4. Nc3 Nc6 5. Bg2 Be7 6. Nd5 {[#] A20: English Opening: 1...e5.} Nf6 $146 (6... e4 $5 7. Ng1 $8 Nf6 $11) ({Predecessor:} 6... Bg4 7. d3 Qd7 8. h3 Bxf3 9. Bxf3 Nd4 10. Bg2 Bd8 11. e3 Ne6 12. Bd2 c6 {½-½ (27) Bucka,R-Schichtel,H Germany 1982}) 7. O-O e4 {[#] aiming for ...Nxd5.} 8. Ne1 {White is slightly better.} h4 9. d3 hxg3 10. hxg3 Bh3 {Threatens to win with ...Bxg2.} 11. dxe4 Qd7 {[#] ...Bxg2 is the strong threat.} 12. f3 Ne5 13. Qb3 O-O-O 14. Bf4 Nxd5 15. cxd5 Bf6 16. Rc1 Kb8 17. Kf2 Bxg2 18. Nxg2 Rh2 (18... g5 $1 $11 19. Bxe5 Bxe5) 19. Rh1 Rdh8 20. Rxh2 Rxh2 21. Qc2 (21. g4 $5 {[%cal Rf4h2]} Rh3 22. Be3 $14) 21... Ng6 (21... g5 $5 {[%cal Rg5f4]} 22. Be3 Bd8 $11) 22. Be3 Bh4 23. gxh4 Nxh4 24. Rg1 {Strongly threatening Bf4.} Qh3 {[%cal Rh2g2] The position is equal.} 25. Bxa7+ Kxa7 26. Qa4+ Kb8 {[%cal Rh2g2]} 27. Qe8+ Ka7 {[%cal Rh2g2]} 28. Qa4+ Kb8 {[%cal Rh2g2]} 29. Qe8+ Ka7 {[%cal Rh2g2]} 30. Qa4+ {Accuracy: White = 79%, Black = 75%.} 1/2-1/2

[Event "ACP-Knockout-2020-Open R2"]
[Site "Emanuel Lasker Arena"]
[Date "2020.07.25"]
[Round "1.2"]
[White "Aleks73"]
[Black "Zerowolf"]
[Result "1/2-1/2"]
[WhiteElo "1620"]
[BlackElo "2778"]
[Annotator "NA RC"]
[PlyCount "43"]
[EventDate "2020.07.25"]
[EventType "match (blitz)"]

1. d4 {[%emt 0:00:03]} Nf6 {[%emt 0:00:02]} 2. c4 {[%emt 0:00:02]} e6 {[%emt 0:00:01]} 3. Nc3 {[%emt 0:00:01]} Bb4 {[%emt 0:00:01]} 4. e3 {[%emt 0:00:01]} O-O {[%emt 0:00:03]} 5. Bd3 {[%emt 0:00:12]} d5 {[%emt 0:00:03]} 6. Nf3 {[%emt 0:00:07]} c5 {[%emt 0:00:28]} 7. O-O {[%emt 0:00:02]} dxc4 {[%emt 0:00:01]} 8. Bxc4 {[%emt 0:00:02]} cxd4 {[%emt 0:00:01]} 9. exd4 {[%emt 0:00:02]} b6 {[%emt 0:00:01]} 10. Bg5 {[%emt 0:00:05]} Bb7 {[%emt 0:00:01]} 11. Ne5 {[%emt 0:00:02]} Bxc3 {[%emt 0:01:45]} 12. bxc3 {[%emt 0:00:02]} Nbd7 {[%emt 0:00:01]} 13. Nxd7 {[%emt 0:00:04]} Qxd7 {[%emt 0:00:01]} 14. Bxf6 {[%emt 0:00:01]} gxf6 {[%emt 0:00:00]} 15. d5 {[%emt 0:00:38]} Bxd5 {[%emt 0:01:24]} 16. Qg4+ {[%emt 0:00:03]} Kh8 {[%emt 0:00:01]} 17. Qh4 {[%emt 0:00:01]} Bxc4 {[%emt 0:01:38]} 18. Qxf6+ {[%emt 0:00:02]} Kg8 {[%emt 0:00:01]} 19. Qg5+ {[%emt 0:00:01]} Kh8 {[%emt 0:00:01]} 20. Qf6+ {[%emt 0:00:00]} Kg8 {[%emt 0:00:00]} 21. Qg5+ {[%emt 0:00:00]} Kh8 {[%emt 0:00:00]} 22. Qf6+ {[%emt 0:00:01] (Lag: Av=0.49s, max=1.2s)} 1/2-1/2

[Event "ACP-Knockout-2020-Open R2"]
[Site "Emanuel Lasker Arena"]
[Date "2020.07.25"]
[Round "1.2"]
[White "GMIvanSalgado"]
[Black "Nikita Vitiugov"]
[Result "1/2-1/2"]
[WhiteElo "1593"]
[BlackElo "1620"]
[Annotator "NA RC"]
[PlyCount "112"]
[EventDate "2020.07.25"]
[EventType "match (blitz)"]

1. b3 {[%emt 0:00:05]} e5 {[%emt 0:00:03]} 2. Bb2 {[%emt 0:00:01]} Nc6 {[%emt 0:00:01]} 3. e3 {[%emt 0:00:01]} Nf6 {[%emt 0:00:02]} 4. c4 {[%emt 0:00:01]} d5 {[%emt 0:00:09]} 5. cxd5 {[%emt 0:00:02]} Nxd5 {[%emt 0:00:01]} 6. a3 {[%emt 0:00:00]} Bd6 {[%emt 0:00:12]} 7. Qc2 {[%emt 0:00:03]} Qe7 {[%emt 0:00:55]} 8. d3 {[%emt 0:00:09]} O-O {[%emt 0:00:05]} 9. Nf3 {[%emt 0:00:06]} f5 {[%emt 0:00:14]} 10. Nbd2 {[%emt 0:00:05]} a5 {[%emt 0:00:26]} 11. Be2 {[%emt 0:00:07]} Kh8 {[%emt 0:00:14]} 12. O-O {[%emt 0:00:37]} Bd7 {[%emt 0:00:53]} 13. Nc4 {[%emt 0:00:10]} Rae8 {[%emt 0:00:19]} 14. Rac1 {[%emt 0:00:32]} b5 {[%emt 0:01:03]} 15. Nxd6 {[%emt 0:00:03]} cxd6 {[%emt 0:00:01]} 16. Rfe1 {[%emt 0:00:10]} Rc8 {[%emt 0:00:15]} 17. Qd2 {[%emt 0:00:07]} Be6 {[%emt 0:00:15]} 18. Bd1 {[%emt 0:00:42]} h6 {[%emt 0:00:31]} 19. e4 {[%emt 0:00:39]} fxe4 {[%emt 0:00:24]} 20. dxe4 {[%emt 0:00:09]} Nf4 {[%emt 0:00:25]} 21. Re3 {[%emt 0:00:29]} b4 {[%emt 0:00:12]} 22. axb4 {[%emt 0:00:10]} Nxb4 {[%emt 0:00:24]} 23. Rxc8 {[%emt 0:00:35]} Rxc8 {[%emt 0:00:09]} 24. Bc3 {[%emt 0:01:13]} Rb8 {[%emt 0:00:10]} 25. g3 {[%emt 0:00:17]} Nh3+ {[%emt 0:00:52]} 26. Kg2 {[%emt 0:00:06]} Kg8 {[%emt 0:00:29]} 27. Nh4 {[%emt 0:02:16]} Ng5 {[%emt 0:00:07]} 28. Nf5 {[%emt 0:00:37]} Bxf5 {[%emt 0:00:03]} 29. exf5 {[%emt 0:00:01]} Qb7+ {[%emt 0:00:19]} 30. f3 {[%emt 0:00:15]} Nd5 {[%emt 0:00:15]} 31. Rd3 {[%emt 0:00:29]} Nxc3 {[%emt 0:00:05]} 32. Qxc3 {[%emt 0:00:01]} e4 {[%emt 0:00:36]} 33. Qc4+ {[%emt 0:00:21]} Qf7 {[%emt 0:00:57]} 34. Qxf7+ {[%emt 0:00:40]} Kxf7 {[%emt 0:00:03]} 35. fxe4 {[%emt 0:00:04]} Nxe4 {[%emt 0:00:02]} 36. Bf3 {[%emt 0:00:07]} Rb4 {[%emt 0:00:18]} 37. Rd5 {[%emt 0:00:34]} a4 {[%emt 0:00:32]} 38. bxa4 {[%emt 0:00:12]} Rxa4 {[%emt 0:00:02]} 39. Bxe4 {[%emt 0:00:03]} Rxe4 {[%emt 0:00:02]} 40. Rxd6 {[%emt 0:00:01]} Re2+ {[%emt 0:00:08]} 41. Kh3 {[%emt 0:00:05]} Rf2 {[%emt 0:00:19]} 42. g4 {[%emt 0:00:02]} Rf3+ {[%emt 0:00:17]} 43. Kh4 {[%emt 0:00:38]} Re3 {[%emt 0:00:05]} 44. Ra6 {[%emt 0:00:11]} Rd3 {[%emt 0:00:06]} 45. g5 {[%emt 0:00:11]} hxg5+ {[%emt 0:00:02]} 46. Kxg5 {[%emt 0:00:00]} Rd2 {[%emt 0:00:10]} 47. Ra7+ {[%emt 0:00:04]} Kg8 {[%emt 0:00:05]} 48. h4 {[%emt 0:00:08]} Rg2+ {[%emt 0:00:02]} 49. Kf4 {[%emt 0:00:01]} Rh2 {[%emt 0:00:02]} 50. Kg3 {[%emt 0:00:02]} Rh1 {[%emt 0:00:02]} 51. Ra6 {[%emt 0:00:09]} Kf7 {[%emt 0:00:04]} 52. Kg4 {[%emt 0:00:01]} Rg1+ {[%emt 0:00:02]} 53. Kf4 {[%emt 0:00:01]} Rf1+ {[%emt 0:00:02]} 54. Kg4 {[%emt 0:00:01]} Rg1+ {[%emt 0:00:01]} 55. Kf4 {[%emt 0:00:00]} Rf1+ {[%emt 0:00:01]} 56. Kg4 {[%emt 0:00:00]} Rg1+ {[%emt 0:00:01] (Lag: Av=1.03s, max=1.5s)} 1/2-1/2

[Event "ACP-Knockout-2020-Open R2"]
[Site "Emanuel Lasker Arena"]
[Date "2020.07.25"]
[Round "1.3"]
[White "Zerowolf"]
[Black "Aleks73"]
[Result "1/2-1/2"]
[WhiteElo "2761"]
[BlackElo "1620"]
[Annotator "NA RC"]
[PlyCount "90"]
[EventDate "2020.07.25"]
[EventType "match (blitz)"]

1. d4 {[%emt 0:00:02]} d5 {[%emt 0:00:02]} 2. c4 {[%emt 0:00:02]} e6 {[%emt 0:00:01]} 3. Nf3 {[%emt 0:00:02]} Nf6 {[%emt 0:00:03]} 4. g3 {[%emt 0:00:01]} dxc4 {[%emt 0:00:52]} 5. Bg2 {[%emt 0:00:01]} Bb4+ {[%emt 0:00:04]} 6. Bd2 {[%emt 0:00:03]} a5 {[%emt 0:00:01]} 7. a3 {[%emt 0:01:29]} Be7 {[%emt 0:01:00]} 8. Qa4+ {[%emt 0:01:37]} Bd7 {[%emt 0:00:51]} 9. Qxc4 {[%emt 0:00:03]} Bc6 {[%emt 0:00:01]} 10. O-O {[%emt 0:00:16]} O-O {[%emt 0:00:43]} 11. Nc3 {[%emt 0:01:29]} Ne4 {[%emt 0:00:30]} 12. Rfd1 {[%emt 0:01:44]} Nd7 {[%emt 0:02:04]} 13. Bf4 {[%emt 0:00:49]} Nxc3 {[%emt 0:02:23]} 14. bxc3 {[%emt 0:00:30]} Bd6 {[%emt 0:00:44]} 15. Bg5 {[%emt 0:00:28]} Be7 {[%emt 0:00:03]} 16. Bxe7 {[%emt 0:01:11]} Qxe7 {[%emt 0:00:02]} 17. Ne1 {[%emt 0:01:16]} Nb6 {[%emt 0:00:17]} 18. Qd3 {[%emt 0:00:04]} Bxg2 {[%emt 0:01:18]} 19. Nxg2 {[%emt 0:00:00]} Rfd8 {[%emt 0:00:07]} 20. e4 {[%emt 0:00:08]} Nd7 {[%emt 0:00:25]} 21. Ne3 {[%emt 0:00:12]} b6 {[%emt 0:00:02]} 22. Qb5 {[%emt 0:00:08]} Nf6 {[%emt 0:00:03]} 23. f3 {[%emt 0:00:01]} Qd7 {[%emt 0:00:04]} 24. c4 {[%emt 0:00:08]} Qxb5 {[%emt 0:00:09]} 25. cxb5 {[%emt 0:00:01]} Rd7 {[%emt 0:00:01]} 26. Rac1 {[%emt 0:00:05]} Rad8 {[%emt 0:00:08]} 27. Rc4 {[%emt 0:00:02]} Ne8 {[%emt 0:00:07]} 28. e5 {[%emt 0:00:14]} f6 {[%emt 0:00:10]} 29. f4 {[%emt 0:00:03]} Kf7 {[%emt 0:00:01]} 30. a4 {[%emt 0:00:04]} h5 {[%emt 0:00:01]} 31. h3 {[%emt 0:00:03]} g6 {[%emt 0:00:03]} 32. Kf2 {[%emt 0:00:03]} Ng7 {[%emt 0:00:02]} 33. g4 {[%emt 0:00:10]} hxg4 {[%emt 0:00:01]} 34. hxg4 {[%emt 0:00:01]} g5 {[%emt 0:00:16]} 35. Kg3 {[%emt 0:00:12]} gxf4+ {[%emt 0:00:02]} 36. Kxf4 {[%emt 0:00:01]} Rh8 {[%emt 0:00:04]} 37. Rdc1 {[%emt 0:00:05]} Ne8 {[%emt 0:00:01]} 38. Rc6 {[%emt 0:00:06]} Rxd4+ {[%emt 0:00:12]} 39. Kg3 {[%emt 0:00:05]} fxe5 {[%emt 0:00:02]} 40. Nc4 {[%emt 0:00:05]} Rd5 {[%emt 0:00:12]} 41. Re1 {[%emt 0:00:04]} Kf6 {[%emt 0:00:01]} 42. Rf1+ {[%emt 0:00:07]} Ke7 {[%emt 0:00:01]} 43. Re1 {[%emt 0:00:01]} Kf6 {[%emt 0:00:03]} 44. Rf1+ {[%emt 0:00:01]} Ke7 {[%emt 0:00:01]} 45. Re1 {[%emt 0:00:01]} Kf6 {[%emt 0:00:01] (Lag: Av=0.50s, max=1.3s)} 1/2-1/2

[Event "ACP-Knockout-2020-Open R2"]
[Site "Emanuel Lasker Arena"]
[Date "2020.07.25"]
[Round "1.3"]
[White "VerdeNotte"]
[Black "Dr-Bassem"]
[Result "1-0"]
[WhiteElo "2732"]
[BlackElo "2591"]
[Annotator "TA"]
[PlyCount "87"]
[EventDate "2020.07.25"]
[EventType "match (blitz)"]

{[%evp 28,87,16,0,17,3,42,43,58,5,7,-31,62,51,86,85,121,114,94,115,479,482,504,506,462,454,845,842,1009,583,551,459,445,411,399,354,362,357,343,357,422,405,521,507,717,686,679,693,689,700,700,680,668,632,758,749,731,740,764,731,1007,997]} 1. e4 e5 2. Nf3 Nc6 3. Bc4 Nf6 4. d4 exd4 5. e5 d5 6. Bb5 Ne4 7. Nxd4 Bd7 8. Bxc6 bxc6 9. O-O Bc5 10. f3 Ng5 11. Be3 Bb6 12. f4 Ne4 13. Nd2 Nxd2 14. Qxd2 c5 15. Nf3 Bf5 {C56: Two Knights: 4 d4 exd4 5 0-0 Nxe4.} 16. a4 $5 {[%mdl 4] [#] aiming for a5. Exploring less charted territory.} d4 17. Bf2 {Strongly threatening a5.} a5 {[#] White is slightly better.} 18. h3 $5 $146 {[%mdl 8] New and interesting.} (18. c3 $14) ({Predecessor:} 18. c3 d3 19. c4 O-O 20. Rad1 Qd7 21. b3 f6 22. Qe3 Rad8 23. Rd2 fxe5 24. Nxe5 {½-½ (43) Hardarson,R (2369)-Lengyel,B (2291) Budapest 2006}) 18... Qd5 19. Rac1 Qc4 (19... O-O $15) 20. b3 Qb4 21. Qd1 O-O-O 22. Be1 $36 {[%mdl 2048] White has strong initiative.} Qa3 23. Nd2 {Threatens to win with Nc4.} Qa2 $2 {[%mdl 8192] A mistake that costs the game.} (23... d3 $16 {is a better chance.} 24. c4 Qb2) 24. Nc4 $18 d3 {[%cal Rd3c2]} 25. Qf3 Kb8 26. Bxa5 Ba7 (26... Bc8 $142 27. Bxb6 Bb7 28. Bxc7+ Kxc7) 27. Qc6 Rd7 28. Bd2 {Na5 is the strong threat.} Rd4 {Now ...Be4 and Black clings on.} 29. Ra1 Qxc2 30. Rfc1 Rxc4 31. Rxc2 Rxc2 32. Ba5 Rc8 {next ...c4+ is good for Black.} 33. Kh2 Re2 {intending ...Be4.} 34. Re1 Rc2 35. Rd1 {White is clearly winning.} Re2 36. Qb5+ Ka8 37. Rxd3 Bxd3 38. Qxd3 {[%mdl 64] Double Attack} Rf2 {[#]} 39. Qa6 $1 {[%mdl 512]} Kb8 40. Kg3 Rb2 41. Qb5+ Ka8 42. Bc3 Rc2 43. Qd3 Ra2 44. Qb1 {Accuracy: White = 81%, Black = 44%.} 1-0

[Event "ACP-Knockout-2020-Open R2"]
[Site "Emanuel Lasker Arena"]
[Date "2020.07.25"]
[Round "1.3"]
[White "Rakhmanator"]
[Black "Alex Donchenko"]
[Result "0-1"]
[WhiteElo "2725"]
[BlackElo "2165"]
[Annotator "TA"]
[PlyCount "126"]
[EventDate "2020.07.25"]
[EventType "match (blitz)"]

{[%evp 9,126,17,23,13,19,-12,18,-39,6,-8,5,-39,-32,-31,-25,-45,-54,-53,-39,-32,-34,-45,-33,-41,-12,-17,0,-33,-21,-45,-38,-37,-41,-62,-23,-27,-34,-26,-38,-37,-35,-39,-22,-37,-10,-102,-103,-118,-77,-62,-56,-93,-89,-89,-85,-96,-56,-83,-83,-82,-79,-79,-20,-20,-20,-23,-27,-25,-26,-27,-8,-10,-13,-20,-21,-43,-44,-399,-365,-543,-192,-197,-145,-538,-491,-540,-536,-514,-520,-453,-391,-516,-481,-326,-305,-812,-805,-788,-777,-756,-738,-12834,-12834,-12833,-12832,-5912,-8826,-1987,-1787,-12840,-12840,-12841,-12841,-12841,-12841,-12842,-12843,-12844,-12844]} 1. c4 e6 2. e4 d5 3. exd5 exd5 4. d4 c6 5. Nc3 Nf6 6. Bd3 {C01: French: Exchange Variation.} Bd6 7. Nge2 O-O 8. Bg5 ({White should play} 8. c5 $11 Bc7 9. O-O) 8... Re8 {[#]} 9. Qc2 $146 ({Predecessor:} 9. cxd5 cxd5 10. Qd2 Be6 11. O-O Nbd7 12. Kh1 a6 13. f4 Nb6 14. f5 Bd7 15. b3 {0-1 (32) Zeman,D (1765)-Stredak,J (1770) Klatovy 2001}) 9... h6 10. Bh4 (10. Bxf6 $5 Qxf6 11. cxd5 $11) 10... dxc4 11. Bxc4 Be6 12. Bd3 Nbd7 {[%cal Bb8d7,Bd7b6,Bb6d5,Bd5f4][%mdl 32]} 13. f3 Qa5 14. O-O Nd5 15. Nxd5 Qxd5 16. Bf2 Nb6 17. Rfe1 Rad8 18. b3 Qa5 19. a3 Nd5 20. b4 Qc7 21. Bg3 Nf4 22. Nxf4 Bxf4 23. Bxf4 Qxf4 24. Re4 Qf6 25. Qc3 Re7 26. Rd1 Red7 27. Bc4 (27. Bc2 $11 {keeps the balance.}) 27... Bf5 $17 28. Ree1 Bg6 29. Bf1 a6 {[%cal Rd7d4]} 30. Rd2 Rxd4 31. Re8+ Rxe8 32. Qxd4 Qg5 33. h4 Qg3 34. Qf2 Qe5 35. Qd4 Qe3+ (35... Qe1 $17) 36. Qxe3 $11 Rxe3 {[%mdl 4096] Endgame KRB-KRB} 37. Rd8+ Kh7 38. a4 $1 Rb3 39. b5 $1 axb5 40. axb5 cxb5 41. Rd7 b6 42. Kf2 b4 43. Bc4 $2 {[%mdl 8192] [#]} (43. Rd6 $15) 43... Rc3 $1 $19 {[%cal Rc3c4]} 44. Bxf7 (44. h5 $142 Bxh5 45. Bd3+ Bg6 46. Bxg6+ Kxg6 47. Rd6+ Kg5 48. Rxb6) 44... Bxf7 45. Rxf7 {KR-KR} Rc2+ (45... Rc5 $19 {Threatens to win with ...b3.} 46. Re7 Rc2+ 47. Kg3 b3) 46. Kg3 $2 {[%mdl 8192] This costs White the game.} (46. Ke3 $17) 46... Rc5 {White must now prevent ...b3.} 47. Rd7 b3 {aiming for ...b2.} 48. Rd2 {[#]} Rb5 $1 {...b2 is the strong threat.} 49. Rb2 Kg6 50. Kf2 Kf5 51. Ke3 Ke5 52. g3 $2 (52. Rb1) 52... Kd5 {Black is clearly winning.} 53. Kd3 Kc5 54. Kc3 Rb4 55. h5 Rc4+ 56. Kd3 Kb4 57. Rb1 Rc3+ 58. Ke4 Rc5 59. g4 Kc3 60. Rc1+ Kd2 61. Rh1 b2 62. Kd4 Kc2 63. Rh2+ Kb3 {Accuracy: White = 57%, Black = 81%.} 0-1

[Event "ACP-Knockout-2020-Open R2"]
[Site "Emanuel Lasker Arena"]
[Date "2020.07.25"]
[Round "1.3"]
[White "Ivan saric"]
[Black "Evgeny_Romanov"]
[Result "1-0"]
[WhiteElo "2703"]
[BlackElo "2182"]
[Annotator "TA"]
[PlyCount "53"]
[EventDate "2020.07.25"]
[EventType "match (blitz)"]

{[%evp 26,53,43,39,37,39,48,10,32,34,25,31,108,111,189,195,214,190,153,75,74,70,85,71,67,77,460,460,29986,29987]} 1. e4 e5 2. Nf3 Nc6 3. Bb5 a6 4. Ba4 Nf6 5. O-O Be7 6. Re1 b5 7. Bb3 d6 8. c3 O-O 9. h3 Nd7 10. d4 Nb6 11. Nbd2 Bf6 12. Nf1 Re8 13. Ng3 g6 14. Bh6 Na5 {C92: Closed Ruy Lopez: 9...Be6, Karpov and Flohr-Zaitsev Variations.} 15. Bc2 c5 {[#]} 16. Rc1 $146 ({Predecessor:} 16. b3 Nc6 17. d5 Na5 18. Qd2 Nb7 19. h4 Qe7 20. h5 Bd7 21. Nf1 Bg7 22. Bxg7 Kxg7 {0-1 (56) Bobras,P (2565)-Postny,E (2674) Germany 2008}) 16... exd4 {The position is equal.} 17. cxd4 cxd4 18. Nxd4 Nac4 ({Black should play} 18... Bb7 $14) 19. b3 $16 Na3 (19... Na5 $16) 20. Nc6 $18 Qd7 21. Qf3 Re6 22. e5 ({Better is} 22. Bd3) 22... Nxc2 $16 23. Rxc2 {Strongly threatening Qxf6.} Bb7 24. Ne4 $36 {[%mdl 2112] [#] Double Attack. Black is under strong pressure.} Bh8 25. Nxd6 {aiming for Rec1.} Bxc6 $4 {[%mdl 8192]} (25... Nc4 $16 {is more resistant.} 26. Nxb7 (26. bxc4 Bxc6 27. Qg3 Bxe5 $11) 26... Qxb7) 26. Rxc6 $18 ({Not} 26. Qxc6 Bxe5 27. Rxe5 (27. Qxb6 Rxd6 28. Qc7 f6 $11) 27... Rxd6 $16) 26... Rb8 {[#]} (26... Nc8 $18 27. Rc7 Qxc7) 27. Rxb6 $1 {[%mdl 576] Remove Defender. Accuracy: White = 67%, Black = 49%.} 1-0